| 000 | 00702nam a22002415i 4500 | ||
|---|---|---|---|
| 001 | SSB006727 | ||
| 005 | 20140926155336.0 | ||
| 008 | 130521s2014 cau 000 0 eng | ||
| 010 | _a2013940960 | ||
| 020 | _a9781849201377 (pbk. : alk. paper) | ||
| 040 |
_aDLC _beng _erda _cDLC |
||
| 042 | _apcc | ||
| 050 | 4 |
_aHQ 767.9 _b.C886 2014 |
|
| 100 | 1 | _aCrowley, Kevin J. | |
| 245 | 1 | 0 |
_aChild development : _ba practical introduction / _cKevin Crowley. |
| 250 | _aFirst edition. | ||
| 260 |
_aLondon : _bSAGE Publication Ltd., _cc2014. |
||
| 263 | _a1401. | ||
| 300 |
_axvi, 272 pages : _billustrations ; _c23 cm. |
||
| 521 | _aEducation | ||
| 650 | 0 | _aChild development. | |
| 942 |
_2lcc _cBK _kFOR |
||
| 999 |
_c275905 _d275905 |
||